000 00789nam a2200193Ia 4500
003 Ost
005 20260507075018.0
008 260507s9999||||xx |||||||||||||| ||und||
040 _cfsecg
041 _aara
082 _a330.15
100 _aابراهيم، نعمة الله نجيب
_eمؤلف
245 0 _aالإقتصاد التحليلي /
_c نعمة الله نجيب ابراهيم
260 _aالإسكندرية:
_bقسم إقتصاد كلية التجارة,
_c2002
300 _a343 صفحة؛
_bإيضاحات ؛
_c25 سم
520 _aتوازن السوق-نظرية سلوك المستهلك-تحليل العرض وتوازن المشروع-نظرية الإنتاج-نظرية التوزيع
653 _aالإقتصاد التحليلي
942 _cكتاب
999 _c42231
_d42231